Statistics for Oldest Countries in the World (According to Wikipedia)

Click here to take the quiz!

General Stats

  • This quiz has been taken 276 times
  • The average score is 11 of 20

Answer Stats

DateCountry% Correct
3100 BCEgypt
91%
400 ADJapan
88%
2000 BCIndia
84%
3200 BCIran
83%
800 BCGreece
80%
1300 BCIsrael
68%
50 ADEthiopia
61%
209 BCMongolia
58%
1070 BCSudan
46%
3200 BCAfghanistan
45%
2879 BCVietnam
45%
2492 BCArmenia
44%
1300 BCGeorgia
40%
301 ADSan Marino
40%
2333 BCNorth Korea
39%
751 ADOman
38%
200 BCSomalia
31%
756 ADVatican City
28%
377 BCSri Lanka
27%
681 ADBulgaria
24%

Score Distribution

Percentile by Number Answered

Percent of People with Each Score

Your Score History

You have not taken this quiz